| 000 | 00597cam a2200229 4500 | ||
|---|---|---|---|
| 008 | 000000n2000 000 0 eng u | ||
| 020 | _a1902558243 | ||
| 035 | _a(Sirsi) u105347 | ||
| 050 | _a614.7026 | ||
| 100 | _aGarbutt, John | ||
| 245 | _aEnvironmental law: a practical handbook | ||
| 250 | _a3rd ed. | ||
| 260 |
_aIsle of Wight _bPalladian _c2000 |
||
| 300 | _axxv, 175p. ; | ||
| 350 | _a45.00 | ||
| 650 | _aENVIRONMENT LAW | ||
| 650 | _aAIR POLLUTION | ||
| 650 | _aWATER POLLUTION | ||
| 650 | _aHAZARDOUS SUBSTANCES | ||
| 690 | _aENVIRONMENT-ENVIRONMENTAL LAW | ||
| 942 | _n0 | ||
| 999 |
_c100370 _d100370 |
||